[Event "Bhubaneswar op-A 14th"]
[Site "Bhubaneswar"]
[Date "2023.06.13"]
[Round "4"]
[White "Aadya, Gupta"]
[Black "Madhvendra, Pratap Sharma"]
[Result "1/2-1/2"]
[WhiteElo "1515"]
[BlackElo "1766"]
[PlyCount "81"]
[EventDate "2023.06.11"]
[EventType "swiss"]
[EventRounds "10"]
[EventCountry "IND"]
[SourceTitle "CBM 214 Extra"]
[Source "ChessBase"]
[SourceDate "2023.07.31"]
[SourceVersion "1"]
[SourceVersionDate "2023.07.31"]
[SourceQuality "1"]

1. d4 Nf6 2. c4 g6 3. Nc3 Bg7 4. e4 d6 5. f3 0-0 6. Be3 a6 7. Qd2 Nc6 8. Bd3 Nd7 9. Nge2 e5 10. d5 Ne7 11. g4 Nc5 12. Bc2 a5 13. 0-0-0 f6 14. h4 Rf7 15. Rdg1 Bd7 16. Kb1 Rb8 17. Nc1 Nc8 18. Nd3 Bf8 19. Qf2 Na6 20. Ka1 Nb4 21. Bb1 Qe8 22. a3 Ra8 23. h5 g5 24. Na2 Na6 25. Ndc1 Nb6 26. Bd3 Nc5 27. Bxc5 dxc5 28. Nc3 Bd6 29. Nb3 Qe7 30. Nd2 Na4 31. Nxa4 Bxa4 32. Nb1 Bb3 33. Nd2 a4 34. Rc1 Ra6 35. Rc3 Rb6 36. Qe3 Rf8 37. Be2 Ra8 38. Nxb3 axb3 39. Rxb3 Raa6 40. Rxb6 Rxb6 41. Rc1 1/2-1/2

[Event "World School-ch U13 Girls"]
[Site "Rhodes"]
[Date "2023.04.19"]
[Round "6"]
[White "Aadya, Gupta"]
[Black "Zengin, Ovgu"]
[Result "1-0"]
[WhiteElo "1547"]
[BlackElo "1506"]
[PlyCount "169"]
[EventDate "2023.04.14"]
[EventType "swiss"]
[EventRounds "9"]
[EventCountry "GRE"]
[SourceTitle "EXT 2024"]
[Source "ChessBase"]
[SourceDate "2023.10.10"]
[SourceVersion "1"]
[SourceVersionDate "2023.10.10"]
[SourceQuality "1"]

1. d4 d5 2. c4 e6 3. Nf3 Nf6 4. Nc3 Be7 5. Bg5 Nbd7 6. e3 h6 7. Bh4 0-0 8. Qc2 b6 9. cxd5 exd5 10. Bd3 Bb7 11. 0-0 Nh5 12. Bxe7 Qxe7 13. Rad1 Nhf6 14. Nh4 Ne4 15. Nf5 Qe6 16. Ng3 Nxg3 17. hxg3 a6 18. Ne2 Rac8 19. Nf4 Qe7 20. Bf5 Rfd8 21. Qe2 Qg5 22. Bg4 f5 23. Bf3 Nf8 24. g4 fxg4 25. Bxg4 Ra8 26. b4 Re8 27. g3 Bc8 28. Bf3 c6 29. a4 Ne6 30. Ng2 Bb7 31. Qa2 Rf8 32. Ne1 Rf7 33. Bg2 Raf8 34. Nd3 h5 35. Ne5 Rc7 36. b5 axb5 37. axb5 cxb5 38. Bxd5 Bxd5 39. Qxd5 Re7 40. Nc6 Ree8 41. Qxg5 Nxg5 42. Ne5 Rf6 43. Rb1 Rf5 44. Kg2 Ref8 45. f4 Ne4 46. Rxb5 Nd6 47. Rxb6 R8f6 48. Ra1 g5 49. Raa6 Ne8 50. Rxf6 Nxf6 51. fxg5 Nd5 52. Nc4 Rxg5 53. Kf3 Nc3 54. e4 Rg4 55. Re6 Nb5 56. Re8+ Kf7 57. Rd8 Ke7 58. Rd5 Nc3 59. Re5+ Kf6 60. Ne3 Rg8 61. Rxh5 Kg6 62. Rc5 Rf8+ 63. Nf5 Na4 64. Rc4 Nb2 65. Rc6+ Kg5 66. d5 Nd3 67. Ke3 Nb4 68. Rd6 Rc8 69. Kd4 Nc2+ 70. Ke5 Ne1 71. Rg6+ Kh5 72. g4+ Kxg6 73. Ne7+ Kf7 74. Nxc8 Nd3+ 75. Kd6 Nf2 76. e5 Nxg4 77. e6+ Ke8 78. Kc6 Ne5+ 79. Kc7 Nc4 80. d6 Nxd6 81. Kxd6 Kd8 82. e7+ Ke8 83. Nb6 Kf7 84. Kd7 Kg7 85. e8Q 1-0

[Event "World School-ch U13 Girls"]
[Site "Rhodes"]
[Date "2023.04.15"]
[Round "2"]
[White "Aadya, Gupta"]
[Black "Aydogan, Arya"]
[Result "1-0"]
[WhiteElo "1547"]
[BlackElo "1464"]
[PlyCount "101"]
[EventDate "2023.04.14"]
[EventType "swiss"]
[EventRounds "9"]
[EventCountry "GRE"]
[SourceTitle "EXT 2024"]
[Source "ChessBase"]
[SourceDate "2023.10.10"]
[SourceVersion "1"]
[SourceVersionDate "2023.10.10"]
[SourceQuality "1"]

1. d4 d5 2. c4 e6 3. Nc3 a6 4. cxd5 exd5 5. Nf3 c6 6. Bg5 Be7 7. Bxe7 Nxe7 8. e3 Bf5 9. Qb3 Nd7 10. Be2 0-0 11. 0-0 h6 12. Na4 b5 13. Nc3 Nb6 14. Qd1 Nc4 15. b3 Nd6 16. Ne5 f6 17. Nd3 Re8 18. Nc5 Qc7 19. Rc1 Nb7 20. Nxb7 Qxb7 21. Bd3 Qd7 22. Ne2 Rac8 23. Nf4 Kh8 24. Rc5 g5 25. Ne2 Kg7 26. Ng3 Bxd3 27. Qxd3 f5 28. f3 Rf8 29. Ne2 Ng6 30. Qc3 Qe6 31. Re1 Rfe8 32. Nc1 g4 33. fxg4 fxg4 34. Nd3 h5 35. Nb4 Ne7 36. e4 a5 37. Nc2 dxe4 38. d5+ Qf6 39. Qxf6+ Kxf6 40. d6 Rcd8 41. dxe7 Rxe7 42. Rxc6+ Kg7 43. Ne3 Re5 44. Ra6 b4 45. Nc4 Re7 46. Rxa5 Kh6 47. Rb5 Ra8 48. Re2 Rd8 49. Rb6+ Kg7 50. Nd6 Re6 51. Nf5+ 1-0

[Event "IND-ch U13 Girls 35th"]
[Site "Puducherry"]
[Date "2022.12.17"]
[Round "10"]
[White "Debapriya, Manna"]
[Black "Aadya, Gupta"]
[Result "1/2-1/2"]
[WhiteElo "1478"]
[BlackElo "1350"]
[PlyCount "70"]
[EventDate "2022.12.11"]
[EventType "swiss"]
[EventRounds "11"]
[EventCountry "IND"]
[SourceTitle "EXT 2024"]
[Source "ChessBase"]
[SourceDate "2023.10.10"]
[SourceVersion "1"]
[SourceVersionDate "2023.10.10"]
[SourceQuality "1"]

1. d4 d5 2. c4 e6 3. Nf3 Nf6 4. g3 Be7 5. Bg2 0-0 6. 0-0 b6 7. b3 Bb7 8. Bb2 c5 9. Nbd2 Nbd7 10. e3 Rc8 11. Rc1 Re8 12. Qe2 Bd6 13. Ne5 cxd4 14. exd4 Qe7 15. Rfe1 Ba3 16. Ndf3 Bxb2 17. Qxb2 Ne4 18. cxd5 exd5 19. Rxc8 Rxc8 20. Bh3 Nxe5 21. Nxe5 Rc7 22. Nd3 Ba6 23. Nf4 Qb4 24. Re3 Qd6 25. Bg2 Qc6 26. Re1 f5 27. Bf1 Bb7 28. Bg2 Ba6 29. Bf1 Bb7 30. Bg2 Ba6 31. Bf1 Bb7 32. Bg2 Ba6 33. Bf1 Bb7 34. Bg2 Ba6 35. f3 Nf6 1/2-1/2

[Event "Wch U12 Girls"]
[Site "Batumi"]
[Date "2022.09.18"]
[Round "3"]
[White "Aadya, Gupta"]
[Black "Kocharyan, Sona"]
[Result "1-0"]
[WhiteElo "1230"]
[BlackElo "1259"]
[PlyCount "44"]
[EventDate "2022.09.16"]
[EventType "swiss"]
[EventRounds "11"]
[EventCountry "GEO"]
[SourceTitle "EXT 2023"]
[Source "ChessBase"]
[SourceDate "2022.10.05"]
[SourceVersion "1"]
[SourceVersionDate "2022.10.05"]
[SourceQuality "1"]

1. d4 d5 2. c4 dxc4 3. e4 g6 4. Bxc4 Bg7 5. Nf3 Bg4 6. Bxf7+ Kxf7 7. Ng5+ Ke8 8. Qxg4 Bxd4 9. Qe6 Nh6 10. h4 Qd7 11. h5 Rg8 12. Qc4 Nc6 13. hxg6 hxg6 14. Rxh6 Rf8 15. f3 Ne5 16. Qb3 Qc6 17. Na3 Kd7 18. Qb5 Bxb2 19. Bxb2 Qxb5 20. Nxb5 Nd3+ 21. Ke2 Nxb2 22. Rb1 Na4 1-0

[Event "IND-ch U12 Girls"]
[Site "Srinivasapura"]
[Date "2022.04.14"]
[Round "11"]
[White "Kalyani, Sirin"]
[Black "Aadya, Gupta"]
[Result "1-0"]
[WhiteElo "1434"]
[BlackElo "1202"]
[PlyCount "63"]
[EventDate "2022.04.09"]
[EventType "swiss"]
[EventRounds "11"]
[EventCountry "IND"]
[SourceTitle "EXT 2023"]
[Source "ChessBase"]
[SourceDate "2022.10.05"]
[SourceVersion "1"]
[SourceVersionDate "2022.10.05"]
[SourceQuality "1"]

1. e4 e5 2. Nf3 Nc6 3. Bc4 Bc5 4. c3 Nf6 5. d3 a6 6. a4 d6 7. 0-0 h6 8. b4 Bb6 9. Na3 0-0 10. h3 Ne7 11. Re1 Ng6 12. Qc2 Nh5 13. Be3 Qf6 14. Bxb6 cxb6 15. Re3 Nhf4 16. Rd1 h5 17. d4 Nxg2 18. Kxg2 Nf4+ 19. Kh2 Nxh3 20. Bf1 Qf4+ 21. Kh1 Bg4 22. Rdd3 f5 23. Bxh3 fxe4 24. Bxg4 hxg4 25. Qa2+ Kh8 26. Nxe5 Rf6 27. Rh3+ gxh3 28. Rxh3+ Qh6 29. Nf7+ Kh7 30. Nxh6 gxh6 31. Qd5 Raf8 32. Qxe4+ 1-0

[Event "IND-ch U12 Girls"]
[Site "Srinivasapura"]
[Date "2022.04.12"]
[Round "7"]
[White "Charvi, A."]
[Black "Aadya, Gupta"]
[Result "1-0"]
[WhiteElo "1267"]
[BlackElo "1202"]
[PlyCount "97"]
[EventDate "2022.04.09"]
[EventType "swiss"]
[EventRounds "11"]
[EventCountry "IND"]
[SourceTitle "EXT 2023"]
[Source "ChessBase"]
[SourceDate "2022.10.05"]
[SourceVersion "1"]
[SourceVersionDate "2022.10.05"]
[SourceQuality "1"]

1. e4 e5 2. Nf3 Nc6 3. Bc4 Bc5 4. c3 Nf6 5. d3 a6 6. Bb3 d6 7. 0-0 Ba7 8. Nbd2 0-0 9. h3 Be6 10. Bc2 d5 11. exd5 Nxd5 12. Ne4 h6 13. Re1 f5 14. Ng3 Qd6 15. Qe2 e4 16. dxe4 Qxg3 17. exd5 Bxd5 18. Be3 Bxe3 19. Qxe3 Qg6 20. Qf4 Bxf3 21. Qxf3 Kh8 22. Qf4 Rac8 23. Rad1 Qg5 24. Qf3 Rcd8 25. Ba4 Rxd1 26. Rxd1 Rf6 27. Bb3 f4 28. Qe4 Qf5 29. Qxf5 Rxf5 30. Rd7 g5 31. Rxc7 Rb5 32. Rd7 Na5 33. Rd5 Kg7 34. Rxb5 axb5 35. Kf1 Kf6 36. Ke2 Ke5 37. Kd3 Nc6 38. a4 b4 39. cxb4 Nxb4+ 40. Kc4 Nc6 41. Kc5 Nb8 42. Bd1 Nd7+ 43. Kb5 Kd4 44. Bf3 Nc5 45. b4 Nd3 46. Bxb7 Nxf2 47. a5 Nd3 48. a6 f3 49. Bxf3 1-0

[Event "Kaspersky op U16"]
[Site "Tornelo INT"]
[Date "2021.04.02"]
[Round "11"]
[White "Aadya, Gupta"]
[Black "Maltsev, Mark"]
[Result "1/2-1/2"]
[WhiteElo "1211"]
[BlackElo "1475"]
[PlyCount "76"]
[EventDate "2021.04.02"]
[EventType "swiss (blitz)"]
[EventRounds "11"]
[EventCountry "RUS"]
[SourceTitle "CBM 201 Extra"]
[Source "ChessBase"]
[SourceDate "2021.05.31"]
[SourceVersion "1"]
[SourceVersionDate "2021.05.31"]
[SourceQuality "1"]

1. d4 Nf6 2. Nf3 e6 3. g3 Bb4+ 4. Bd2 Be7 5. Bg2 d5 6. 0-0 b6 7. Ne5 Bb7 8. c4 Nbd7 9. Nc3 Nxe5 10. dxe5 Ne4 11. Nxe4 dxe4 12. Bc3 Qxd1 13. Raxd1 f5 14. f4 Kf7 15. Rd7 Rac8 16. Rfd1 Rhd8 17. Bb4 c5 18. Bc3 Ke8 19. Rxd8+ Rxd8 20. Rxd8+ Kxd8 21. h3 g5 22. e3 h5 23. Kf2 g4 24. h4 Ba6 25. b3 b5 26. Ba5+ Kd7 27. Bf1 bxc4 28. bxc4 Bd8 29. Bc3 Kc6 30. a4 Bc7 31. Ke1 Bb7 32. Kd2 a5 33. Kc2 Ba6 34. Kb3 Bd8 35. Be2 Kb6 36. Bf1 Kc6 37. Be2 Be7 38. Bf1 Bd8 1/2-1/2

[Event "Kaspersky op U16"]
[Site "Tornelo INT"]
[Date "2021.04.02"]
[Round "10"]
[White "Aadya, Gupta"]
[Black "Piddubna, Bozhena"]
[Result "0-1"]
[WhiteElo "1211"]
[BlackElo "1526"]
[PlyCount "82"]
[EventDate "2021.04.02"]
[EventType "swiss (blitz)"]
[EventRounds "11"]
[EventCountry "RUS"]
[SourceTitle "CBM 201 Extra"]
[Source "ChessBase"]
[SourceDate "2021.05.31"]
[SourceVersion "1"]
[SourceVersionDate "2021.05.31"]
[SourceQuality "1"]

1. d4 Nf6 2. Nf3 e6 3. g3 b6 4. Bg2 Bb7 5. 0-0 g6 6. c4 Bg7 7. Nc3 d6 8. b3 Nbd7 9. Bb2 0-0 10. Re1 Ne4 11. Qc2 Nxc3 12. Bxc3 f5 13. Rad1 h6 14. Nd2 Bxg2 15. Kxg2 e5 16. Nf3 e4 17. Nd2 Qf6 18. Rc1 Rac8 19. e3 c6 20. Nb1 Qf7 21. a4 a5 22. Nd2 d5 23. Qb2 g5 24. cxd5 cxd5 25. Nf1 f4 26. exf4 gxf4 27. gxf4 Qxf4 28. Qd2 Qf3+ 29. Kg1 Rf6 30. Ng3 h5 31. Qe3 Qg4 32. Kh1 Bh6 33. Qe2 Bxc1 34. Qxg4+ hxg4 35. Rxc1 Rxf2 36. Kg1 e3 37. Kh1 e2 38. Kg1 Rxc3 39. Nxe2 Rxc1+ 40. Nxc1 Rc2 41. Nd3 Rc3 0-1

[Event "Kaspersky op U16"]
[Site "Tornelo INT"]
[Date "2021.04.02"]
[Round "7"]
[White "Gonzalez De la Guardia, Luis Emilio"]
[Black "Aadya, Gupta"]
[Result "0-1"]
[WhiteElo "1550"]
[BlackElo "1211"]
[PlyCount "128"]
[EventDate "2021.04.02"]
[EventType "swiss (blitz)"]
[EventRounds "11"]
[EventCountry "RUS"]
[SourceTitle "CBM 201 Extra"]
[Source "ChessBase"]
[SourceDate "2021.05.31"]
[SourceVersion "1"]
[SourceVersionDate "2021.05.31"]
[SourceQuality "1"]

1. e4 e5 2. Nf3 Nc6 3. Bb5 a6 4. Ba4 d6 5. c3 Bd7 6. 0-0 Nge7 7. d4 Ng6 8. Bg5 Be7 9. Be3 h6 10. Nbd2 Bg5 11. Re1 Bxe3 12. Rxe3 Qf6 13. d5 Nb8 14. c4 Nf4 15. Bxd7+ Nxd7 16. Qa4 Qg6 17. Nh4 Qg4 18. g3 0-0 19. f3 Qh3 20. gxf4 exf4 21. Re2 Nc5 22. Qc2 Qxh4 23. Rg2 Qf6 24. Re1 Qd4+ 25. Kh1 Nd3 26. Rf1 Nc5 27. Nb3 Nxb3 28. axb3 Kh8 29. Rfg1 Rg8 30. Rg4 Qf6 31. Qg2 g6 32. Qh3 h5 33. Rg5 Kh7 34. Qd7 Rad8 35. Qxc7 h4 36. Qxb7 Rb8 37. Qd7 Rxb3 38. Qg4 Kg7 39. Qxh4 Rh8 40. Qf2 Qxb2 41. Qxb2+ Rxb2 42. R5g2 Rxg2 43. Rxg2 a5 44. Ra2 Ra8 45. Kg2 Kf6 46. Kh3 Ke5 47. Kg4 a4 48. h4 a3 49. Kg5 Kd4 50. Kxf4 Kc3 51. c5 dxc5 52. d6 Kb3 53. Ra1 a2 54. d7 Rd8 55. Ke5 Rxd7 56. Kf6 Kb2 57. Rxa2+ Kxa2 58. f4 c4 59. f5 gxf5 60. exf5 c3 61. h5 c2 62. h6 c1Q 63. h7 Qc3+ 64. Kg5 Qh8 0-1

[Event "FISCA Online op"]
[Site "Chess.com INT"]
[Date "2020.06.19"]
[Round "1"]
[White "Aadya, Gupta"]
[Black "Sage, J Timothy"]
[Result "0-1"]
[WhiteElo "1211"]
[BlackElo "2051"]
[PlyCount "112"]
[EventDate "2020.06.19"]
[EventType "swiss"]
[EventRounds "9"]
[EventCountry "ROU"]
[SourceTitle "CBM 197 Extra"]
[Source "ChessBase"]
[SourceDate "2020.09.30"]
[SourceVersion "1"]
[SourceVersionDate "2020.09.30"]
[SourceQuality "1"]

1. d4 Nf6 2. Nf3 e6 3. g3 d5 4. Bg2 Be7 5. 0-0 0-0 6. c4 dxc4 7. Ne5 Nc6 8. Nxc6 bxc6 9. Qa4 Qxd4 10. Rd1 Qb6 11. Nd2 Rb8 12. Nxc4 Qb4 13. Qxb4 Bxb4 14. Bxc6 Ba6 15. b3 Bxc4 16. bxc4 Bc3 17. Ba3 Bxa1 18. Bxf8 Kxf8 19. Rxa1 Rb2 20. Kf1 Ng4 21. h3 Ne5 22. Bb5 c6 23. Ba6 Rb6 24. Bc8 Nxc4 25. Rc1 Na5 26. Rc5 Rb5 27. Rxb5 cxb5 28. Ba6 b4 29. Ke1 b3 30. axb3 Nxb3 31. Kd1 Ke7 32. Kc2 Nc5 33. Bc4 Ne4 34. h4 Nxf2 35. h5 h6 36. Kb3 Ne4 37. g4 Nd2+ 38. Kc3 Nxc4 39. Kxc4 Kd6 40. e4 Ke5 41. Kd3 a5 42. Kc4 Kxe4 43. Kb5 Kf3 44. Kxa5 e5 45. Kb4 e4 46. Kc3 e3 47. Kd3 e2 48. Kd2 Kf2 49. Kd3 e1Q 50. g5 Qd1+ 51. Kc4 Ke3 52. Kb5 Qc2 53. Kb4 Kd4 54. gxh6 Qb2+ 55. Ka5 Kc5 56. hxg7 Qa2# 0-1

[Event "Hannibal Online op U10"]
[Site "Chess.com INT"]
[Date "2020.06.03"]
[Round "3"]
[White "Aadya, Gupta"]
[Black "Nehan, Sanket Mehta"]
[Result "1/2-1/2"]
[WhiteElo "1211"]
[BlackElo "1005"]
[PlyCount "50"]
[EventDate "2020.06.01"]
[EventType "swiss"]
[EventRounds "9"]
[EventCountry "MDA"]
[SourceTitle "CBM 196 Extra"]
[Source "ChessBase"]
[SourceDate "2020.07.31"]
[SourceVersion "1"]
[SourceVersionDate "2020.07.31"]
[SourceQuality "1"]

1. d4 d5 2. Nf3 Nf6 3. g3 e6 4. Bg2 Be7 5. 0-0 Nbd7 6. b3 b6 7. Bb2 Bb7 8. c4 0-0 9. Nbd2 Rc8 10. Rc1 c5 11. e3 Re8 12. Ne5 Bd6 13. h3 Qc7 14. f4 Ne4 15. Nxe4 dxe4 16. g4 Nf8 17. g5 Ng6 18. Nxg6 fxg6 19. h4 cxd4 20. Bxd4 e5 21. fxe5 Bxe5 22. Bxe5 Qxe5 23. Qd4 Qg3 24. Qd7 Qc7 25. Qxc7 Rxc7 1/2-1/2